000 01186nam a22003257a 4500
001 38
003 FISKH
005 20250327084951.0
008 230131b cb ||||| |||| 00| 0 eng d
010 _a 99583004
035 _a(OCoLC)ocm26501470
040 _aJDP
_cJDP
_dSLC
_dDLC
_dFISKH
050 0 0 _aPZ8
_b.A213
082 _2398.2
100 1 _aAardema, Verna.
245 1 0 _aWhy mosquitoes buzz in people's ears /
_cVerna Aardema ; pictures by Leo and Diane Dillon
260 _aNew York :
_bScholastic,
_c1975
300 _a26 pages :
_bColor illustrations ;
_c21 cm
500 _aBook: pictures by Leo and Diane Dillon; copyrighted in 1975.
505 _aN
520 _a"In this Caldecott Medal winner, Mosquito tells a story that causes a jungle disaster. "Elegance has become the Dillons' hallmark. . . . Matching the art is Aardema's uniquely onomatopoeic text . . . An impressive showpiece."
521 _a770
_bLexile
521 _a U
_bRaz-Paz
650 0 _aFolklore
_zAfrica, West.
650 0 _aTalking books for children.
650 1 _aAnimals
_xFiction.
700 1 _aDillon, Leo.
_4illustrator
700 1 _aDillon, Diane.
_4illustrator
942 _2lcc
_cBK
_n0
999 _c38
_d38